[Event "III Festival A"]
[Site "Lido degli Estensi - Comacchio ITA"]
[Date "2002.06.16"]
[Round "9"]
[White "Happel, Hendrik A."]
[Black "Laketic, Gojko"]
[Result "1/2-1/2"]
[WhiteElo "2255"]
[BlackElo "2446"]
[PlyCount "123"]
[EventDate "2002.06.07"]

1. d4 d5 2. c4 c6 3. cxd5 cxd5 4. Nf3 Nf6 5. Nc3 Nc6 6. Bf4 e6 7. e3 Nh5 8. Bg5
Qb6 9. a3 h6 10. Bh4 g5 11. Bg3 Nxg3 12. hxg3 Bg7 13. g4 O-O 14. Qc2 Re8 15.
Be2 Bd7 16. O-O Rec8 17. b4 Be8 18. Qd2 Ne7 19. Rfc1 a5 20. b5 Qd6 21. Qb2 Rc7
22. Na2 Rac8 23. Rxc7 Rxc7 24. Rc1 Nc8 25. Rxc7 Qxc7 26. Qc3 Qxc3 27. Nxc3 Bf8
28. a4 Nb6 29. Bd1 f6 30. Kf1 h5 31. gxh5 Bxh5 32. Bc2 Kf7 33. Ke2 Ba3 34. Bb3
Ke7 35. Kd2 Bg6 36. Ne1 Bb4 37. Nd3 Bxd3 38. Kxd3 Bxc3 39. Kxc3 f5 40. Kd3 Nc8
41. f3 Nd6 42. Ba2 Kf6 43. Bb3 Kg6 44. g4 fxg4 45. fxg4 Ne4 46. Bd1 b6 47. Bf3
Nf6 48. Bd1 Kf7 49. Bf3 Ke7 50. Bd1 Kd6 51. Bf3 e5 52. Bd1 Ke6 53. Be2 Ne8 54.
Bd1 Nd6 55. Bb3 Ne4 56. Bd1 Nd6 57. Bb3 Ne8 58. Bd1 Nd6 59. Bb3 Nf7 60. Bd1 Nh6
61. Ke2 Kd6 62. Kd3 1/2-1/2

[Event "III Festival A"]
[Site "Lido degli Estensi - Comacchio ITA"]
[Date "2002.06.16"]
[Round "9"]
[White "Lain, Luigi"]
[Black "Olarasu, Gabriela"]
[Result "1/2-1/2"]
[WhiteElo "2164"]
[BlackElo "2289"]
[PlyCount "87"]
[EventDate "2002.06.07"]

1. d4 d5 2. c4 e6 3. Nc3 c5 4. cxd5 exd5 5. Nf3 Nc6 6. Bf4 c4 7. e4 dxe4 8.
Nxe4 Bg4 9. Bxc4 Bxf3 10. Qxf3 Nxd4 11. Qd3 Bb4+ 12. Nc3 Qf6 13. O-O Ne7 14.
Bb5+ Ndc6 15. Nd5 Nxd5 16. Qxd5 O-O 17. Bxc6 bxc6 18. Qc4 Bd6 19. Bxd6 Qxd6 20.
Rac1 Rab8 21. b3 Rfc8 22. Rfd1 Qe7 23. Qa6 c5 24. Rc4 Qe2 25. Rf1 g6 26. h3 Rc7
27. Qa5 Rd7 28. Rxc5 Rbd8 29. Re5 Qb2 30. Re7 Rd1 31. Re8+ Rxe8 32. Rxd1 Qc2
33. Rf1 Qc6 34. b4 a6 35. a4 Rb8 36. Rd1 Re8 37. b5 Qc2 38. Rf1 axb5 39. axb5
Qb3 40. b6 Rb8 41. Re1 h5 42. g3 Qxb6 43. Re8+ Kh7 44. Qxb6 1/2-1/2

[Event "III Festival A"]
[Site "Lido degli Estensi - Comacchio ITA"]
[Date "2002.06.16"]
[Round "9"]
[White "Lamoureux, Izabelle"]
[Black "Misanovic, Vesna"]
[Result "1-0"]
[WhiteElo "2039"]
[BlackElo "2347"]
[PlyCount "91"]
[EventDate "2002.06.07"]

1. e4 d5 2. exd5 Nf6 3. Bb5+ Bd7 4. Be2 Nxd5 5. d4 e6 6. Nf3 c5 7. c4 Nf6 8.
Nc3 cxd4 9. Nxd4 Bb4 10. Qb3 Qa5 11. Bd2 Nc6 12. Nc2 Bc5 13. Ne4 Nxe4 14. Bxa5
Nxa5 15. Qh3 Nxf2 16. Qh5 Bb6 17. c5 Nxh1 18. cxb6 axb6 19. Kf1 O-O 20. Kg1 Bc6
21. Bd3 g6 22. Qe2 Bd5 23. Ne3 Nb3 24. Re1 Rxa2 25. Kxh1 Nc5 26. Ng4 Nxd3 27.
Qxd3 f5 28. Ne3 Be4 29. Qb3 Raa8 30. Qxe6+ Kg7 31. Rc1 Rfe8 32. Qxb6 Rac8 33.
Rc7+ Kh6 34. h4 Rxc7 35. Qxc7 Bc6 36. Kh2 Re4 37. Qd8 Kg7 38. Nd5 Bxd5 39. Qxd5
Rxh4+ 40. Kg1 b6 41. Qb7+ Kh6 42. Qxb6 Rc4 43. b4 Kh5 44. Qb7 h6 45. b5 g5 46.
Qf7+ 1-0

[Event "III Festival A"]
[Site "Lido degli Estensi - Comacchio ITA"]
[Date "2002.06.16"]
[Round "9"]
[White "Molina, Fabrizio"]
[Black "Peek, Marcel"]
[Result "0-1"]
[WhiteElo "2278"]
[BlackElo "2345"]
[PlyCount "78"]
[EventDate "2002.06.07"]

1. c4 e5 2. g3 g6 3. Bg2 Bg7 4. Nc3 d6 5. Nf3 Nc6 6. O-O Be6 7. d3 h6 8. Rb1
Nge7 9. b4 Qd7 10. b5 Nd8 11. Re1 O-O 12. Qc2 f5 13. a4 g5 14. a5 Rc8 15. Nd2
f4 16. Nd5 Nf5 17. Bb2 c6 18. bxc6 bxc6 19. Nb4 g4 20. Ne4 Qe7 21. Qa4 Bd7 22.
Qa3 Ne6 23. Nc2 c5 24. Bc3 Bc6 25. a6 Ng5 26. Rb7 Qe8 27. gxf4 Nh3+ 28. Bxh3
gxh3 29. Kh1 Bxb7 30. axb7 Rb8 31. Qxa7 exf4 32. Bxg7 Kxg7 33. Rg1+ Kh8 34.
Qa1+ Qe5 35. Qxe5+ dxe5 36. Nxc5 Rf7 37. Nb4 Nd4 38. e3 Nf3 39. Ra1 Rg7 0-1

[Event "III Festival A"]
[Site "Lido degli Estensi - Comacchio ITA"]
[Date "2002.06.16"]
[Round "9"]
[White "Navarro, Stefano"]
[Black "Skembris, Spyridon"]
[Result "0-1"]
[WhiteElo "2148"]
[BlackElo "2429"]
[PlyCount "104"]
[EventDate "2002.06.07"]

1. e4 e5 2. Nf3 Nc6 3. Bc4 Nf6 4. d3 Bc5 5. Bg5 h6 6. Bh4 d6 7. c3 a6 8. O-O g5
9. Bg3 b5 10. Bb3 Bg4 11. Nbd2 Ne7 12. Qc2 Bb6 13. d4 exd4 14. cxd4 Nh5 15.
Rfe1 O-O 16. d5 Ng6 17. Kh1 Qf6 18. Qc3 Nxg3+ 19. fxg3 Qxc3 20. bxc3 Rae8 21.
Nd4 b4 22. Nc4 Bc5 23. Ba4 bxc3 24. Bxe8 Rxe8 25. Nf5 Bxf5 26. exf5 Ne5 27.
Rac1 Kf8 28. Nxe5 dxe5 29. Rxc3 Bb4 30. Ree3 Bxc3 31. Rxc3 e4 32. Kg1 Re5 33.
f6 Rxd5 34. Rxc7 Kg8 35. Re7 Rd1+ 36. Kf2 Rd2+ 37. Kf1 Rxa2 38. Rxe4 Kh7 39.
Rd4 Kg6 40. Rd6 g4 41. h3 gxh3 42. gxh3 a5 43. Ra6 Kf5 44. Kg1 a4 45. Kf1 a3
46. Kg1 Ke5 47. Kf1 Ke4 48. Ra7 Kf3 49. Ke1 Kxg3 50. Kf1 Ra1+ 51. Ke2 a2 52.
Ra3+ Kh4 0-1

[Event "III Festival A"]
[Site "Lido degli Estensi - Comacchio ITA"]
[Date "2002.06.16"]
[Round "9"]
[White "Nevednichy, Vladislav"]
[Black "Glek, Igor V."]
[Result "1/2-1/2"]
[WhiteElo "2560"]
[BlackElo "2605"]
[PlyCount "25"]
[EventDate "2002.06.07"]

1. e4 e6 2. d4 d5 3. exd5 exd5 4. Nf3 Nc6 5. Bb5 Bd6 6. c4 dxc4 7. d5 a6 8. Ba4
b5 9. dxc6 bxa4 10. O-O Ne7 11. Qxa4 O-O 12. Nbd2 Rb8 13. a3 1/2-1/2

[Event "III Festival A"]
[Site "Lido degli Estensi - Comacchio ITA"]
[Date "2002.06.16"]
[Round "9"]
[White "Opacic, Alexandar"]
[Black "Rivola, Franco"]
[Result "0-1"]
[WhiteElo "2098"]
[BlackElo "1704"]
[PlyCount "80"]
[EventDate "2002.06.07"]

1. e4 e6 2. d4 d5 3. Nc3 dxe4 4. Nxe4 Bd7 5. Nf3 Bc6 6. Bd3 Bxe4 7. Bxe4 c6 8.
O-O Nf6 9. Bd3 Nbd7 10. Qe2 Be7 11. Re1 O-O 12. c3 Qc7 13. Bg5 Rfe8 14. Ne5 Nf8
15. h4 Nd5 16. Bd2 Bxh4 17. g3 Be7 18. Kg2 Ng6 19. Rh1 Nf6 20. Rh3 Nf8 21. Rah1
g6 22. Bh6 N8d7 23. Bf4 Bd6 24. Nxd7 Qxd7 25. Be5 Bxe5 26. dxe5 Qd5+ 27. f3 Nh5
28. Rd1 Qc5 29. Rxh5 gxh5 30. Qe4 Kf8 31. Re1 Rad8 32. Qxh7 Ke7 33. Bg6 Rd2+
34. Kh3 Rf8 35. Bxh5 Qf2 36. Re4 Qh2+ 37. Kg4 Rg2 38. Kg5 Rxg3+ 39. Kh6 Rg6+
40. Qxg6 fxg6 0-1

[Event "III Festival A"]
[Site "Lido degli Estensi - Comacchio ITA"]
[Date "2002.06.16"]
[Round "9"]
[White "Sartori, Spartaco"]
[Black "De Marco, Walter"]
[Result "1-0"]
[WhiteElo "2262"]
[BlackElo "1702"]
[PlyCount "91"]
[EventDate "2002.06.07"]

1. c4 Nf6 2. Nc3 d5 3. cxd5 Nxd5 4. g3 g6 5. Bg2 Nxc3 6. bxc3 Bg7 7. Rb1 Nd7 8.
Nf3 O-O 9. O-O c5 10. c4 Nb6 11. d3 Bd7 12. Bb2 f6 13. Nd2 Qc8 14. Bc3 Bc6 15.
Qc2 Bxg2 16. Kxg2 Qc6+ 17. f3 e5 18. Rb5 Nc8 19. Rb3 Nd6 20. e4 Rfd8 21. Ba1
Rd7 22. Rf2 Rad8 23. Nb1 Ne8 24. Nc3 b6 25. Nd5 Nc7 26. Rb1 Na6 27. Bc3 Nc7 28.
a4 Nxd5 29. cxd5 Qc7 30. a5 Rd6 31. Qa4 Rc8 32. Qc4 Kh8 33. Rfb2 h6 34. Rb5 Bf8
35. Bd2 h5 36. f4 Be7 37. Bc3 exf4 38. e5 a6 39. Rxb6 Rxb6 40. axb6 Qd8 41.
gxf4 g5 42. b7 Rb8 43. d6 Bxd6 44. exd6 Qxd6 45. fxg5 Qc6+ 46. Qe4 1-0

[Event "III Festival A"]
[Site "Lido degli Estensi - Comacchio ITA"]
[Date "2002.06.16"]
[Round "9"]
[White "Tatai, Stefano"]
[Black "Ronchetti, Niccolo'"]
[Result "1/2-1/2"]
[WhiteElo "2358"]
[BlackElo "2040"]
[PlyCount "72"]
[EventDate "2002.06.07"]

1. e4 c5 2. Nf3 Nc6 3. Bb5 e6 4. Bxc6 bxc6 5. O-O Ne7 6. d3 Ng6 7. Ng5 h6 8.
Nh3 Be7 9. f4 O-O 10. Qh5 d5 11. f5 exf5 12. exf5 Ne5 13. Nc3 Bf6 14. Kh1 Qb6
15. Qd1 Bb7 16. b3 Nxd3 17. Qxd3 Ba6 18. Qg3 Bxf1 19. Bxh6 Kh7 20. Bxg7 Rg8 21.
Ng5+ Bxg5 22. Qxg5 Rxg7 23. Qh5+ Kg8 24. Rxf1 Qb4 25. Na4 Qe4 26. Qf3 Qxf3 27.
Rxf3 Re8 28. g3 Re1+ 29. Kg2 Re2+ 30. Rf2 Rxf2+ 31. Kxf2 Rg5 32. Nxc5 Rxf5+ 33.
Kg2 Kg7 34. Nd3 a5 35. h4 Rh5 36. Kf3 Kf6 1/2-1/2

[Event "III Festival A"]
[Site "Lido degli Estensi - Comacchio ITA"]
[Date "2002.06.16"]
[Round "9"]
[White "Tomba, Ivan"]
[Black "Ricci, Alfredo"]
[Result "0-1"]
[WhiteElo "2121"]
[BlackElo "2054"]
[PlyCount "76"]
[EventDate "2002.06.07"]

1. e4 c5 2. Nf3 e6 3. d4 cxd4 4. Nxd4 a6 5. Bd3 Qc7 6. O-O Nf6 7. Nc3 d6 8. Be3
Nbd7 9. f4 b5 10. Qf3 Bb7 11. g4 b4 12. Nd1 h5 13. g5 Ng4 14. g6 Nc5 15. gxf7+
Qxf7 16. Bd2 d5 17. e5 Ne4 18. Be3 g6 19. Nb3 Qc7 20. Bd4 Rg8 21. h3 Nh6 22.
Nf2 Nxf2 23. Rxf2 Nf5 24. Kh2 a5 25. Bxf5 exf5 26. Qe3 Qc4 27. Bc5 Bh6 28. Bd6
g5 29. Rg1 g4 30. Qd4 a4 31. Qxc4 dxc4 32. Nd4 Be4 33. Bxb4 Rb8 34. c3 h4 35.
hxg4 fxg4 36. Rff1 Bd3 37. Rf3 Kf7 38. f5 gxf3 0-1

[Event "III Festival A"]
[Site "Lido degli Estensi - Comacchio ITA"]
[Date "2002.06.16"]
[Round "9"]
[White "Troffiguer, Olivier"]
[Black "Jaracz, Barbara"]
[Result "1/2-1/2"]
[WhiteElo "2148"]
[BlackElo "2288"]
[PlyCount "56"]
[EventDate "2002.06.07"]

1. d4 Nf6 2. Nf3 g6 3. c4 Bg7 4. Nc3 d5 5. Bf4 O-O 6. e3 c5 7. Be2 dxc4 8. dxc5
Qa5 9. Qa4 Qxa4 10. Nxa4 Bd7 11. Nc3 Na6 12. Bxc4 Nxc5 13. O-O Bf5 14. Rfd1
Rac8 15. Rac1 Nce4 16. Nxe4 Nxe4 17. Be5 Rfd8 18. Rxd8+ Rxd8 19. Bxg7 Kxg7 20.
Bb3 Nd2 21. Nxd2 Rxd2 22. Rc7 Rxb2 23. h3 Kf8 24. Rxb7 a6 25. Rb8+ Kg7 26. Rb7
Kf8 27. Rb8+ Kg7 28. Rb7 Kf8 1/2-1/2

[Event "III Festival A"]
[Site "Lido degli Estensi - Comacchio ITA"]
[Date "2002.06.16"]
[Round "9"]
[White "Van Hoolandt, Patrick"]
[Black "Maietti, Luca"]
[Result "1-0"]
[WhiteElo "2157"]
[BlackElo "1585"]
[PlyCount "67"]
[EventDate "2002.06.07"]

1. c4 e5 2. g3 c6 3. d4 Bb4+ 4. Bd2 Bxd2+ 5. Qxd2 d6 6. Nc3 Ne7 7. Bg2 Qa5 8.
e4 c5 9. dxe5 dxe5 10. Nge2 Nbc6 11. Rd1 Nd4 12. Nxd4 cxd4 13. Nd5 Qxd2+ 14.
Rxd2 Kd8 15. f4 f6 16. O-O Be6 17. b3 Kd7 18. Nb4 Nc6 19. Nd3 b6 20. Rc1 a5 21.
a3 Rhb8 22. Bf1 Bg4 23. Kf2 Ke7 24. Rb2 Bc8 25. b4 axb4 26. axb4 exf4 27. gxf4
Ra3 28. b5 Na5 29. c5 bxc5 30. Nxc5 Rb6 31. Rd2 Nb3 32. Nxb3 Rxb3 33. Rxc8 Re3
34. Rxd4 1-0

[Event "III Festival A"]
[Site "Lido degli Estensi - Comacchio ITA"]
[Date "2002.06.16"]
[Round "9"]
[White "Vospernik, Andrej"]
[Black "Groffen, Hans"]
[Result "1/2-1/2"]
[WhiteElo "2150"]
[BlackElo "2230"]
[PlyCount "45"]
[EventDate "2002.06.07"]

1. e4 e6 2. d4 d5 3. Bd3 Nf6 4. e5 Nfd7 5. Nf3 c5 6. c3 Nc6 7. O-O Be7 8. Na3
a6 9. Nc2 c4 10. Be2 b5 11. a3 Na5 12. Nd2 Nb6 13. f4 g6 14. Ne3 h5 15. g3 Bd7
16. Qe1 Qc7 17. h4 O-O-O 18. Bd1 Rdg8 19. Nf3 Nc6 20. Bc2 a5 21. Bd2 Kb7 22.
Ng5 Rg7 23. Nf3 1/2-1/2

[Event "III Festival A"]
[Site "Lido degli Estensi - Comacchio ITA"]
[Date "2002.06.16"]
[Round "9"]
[White "Zelcic, Robert"]
[Black "Mrdja, Milan"]
[Result "1-0"]
[WhiteElo "2547"]
[BlackElo "2411"]
[PlyCount "63"]
[EventDate "2002.06.07"]

1. e4 e6 2. d4 d5 3. Nc3 Bb4 4. Nge2 dxe4 5. a3 Be7 6. Nxe4 Nf6 7. N2g3 Nbd7 8.
Bd3 O-O 9. O-O b6 10. c4 Bb7 11. Qc2 Nxe4 12. Nxe4 e5 13. c5 bxc5 14. dxc5 Bc6
15. Nc3 g6 16. b4 a6 17. Bh6 Re8 18. Rad1 Bg5 19. Be4 Bxe4 20. Nxe4 Bxh6 21.
Rxd7 Qc8 22. Nf6+ Kf8 23. c6 Re6 24. Nd5 Rb8 25. Rxc7 Qe8 26. Rd7 Rc8 27. Nc7
Rxc7 28. Rxc7 e4 29. Rd7 e3 30. fxe3 Bxe3+ 31. Kh1 Bf4 32. Qd1 1-0

[Event "II Festival Scacchi Verdi A"]
[Site "Bresso ITA"]
[Date "2002.06.06"]
[Round "1"]
[White "Bisignano, Giuseppe"]
[Black "Dragojlovic, Andjelko"]
[Result "0-1"]
[WhiteElo "2064"]
[BlackElo "2338"]
[PlyCount "38"]
[EventDate "2002.06.06"]

1. e4 c5 2. Nf3 g6 3. d4 cxd4 4. Nxd4 Bg7 5. Be3 Nf6 6. Nc3 Nc6 7. Be2 O-O 8.
Qd2 d5 9. exd5 Nxd5 10. Nxc6 bxc6 11. Bc5 Nxc3 12. bxc3 Qd5 13. Qe3 Qxg2 14.
Bf3 Qh3 15. Bd4 e5 16. Bc5 Bh6 17. Qe4 Bf5 18. Qe2 e4 19. Bxf8 exf3 0-1

[Event "II Festival Scacchi Verdi A"]
[Site "Bresso ITA"]
[Date "2002.06.06"]
[Round "1"]
[White "Bison, Beniamino"]
[Black "Bernasconi, Roberto"]
[Result "1/2-1/2"]
[WhiteElo "2167"]
[BlackElo "1720"]
[PlyCount "70"]
[EventDate "2002.06.06"]

1. d4 Nf6 2. c4 g6 3. g3 Bg7 4. Bg2 d6 5. Nf3 O-O 6. O-O c5 7. Nc3 a6 8. dxc5
dxc5 9. Be3 Nbd7 10. h3 Qc7 11. Qd2 Re8 12. Bh6 Bh8 13. e4 e5 14. Rfd1 Nb6 15.
b3 Bd7 16. Qd6 Qxd6 17. Rxd6 Bc6 18. Ne1 Rad8 19. Rad1 Rxd6 20. Rxd6 Nc8 21.
Rd2 Nd7 22. a4 Nf8 23. Bxf8 Kxf8 24. Nd3 b6 25. a5 Rd8 26. Rd1 f5 27. axb6 Nxb6
28. Nxc5 Rxd1+ 29. Nxd1 a5 30. Nc3 Ke7 31. Kf1 f4 32. Ke2 fxg3 33. fxg3 Kd6 34.
Nd3 Nd7 35. Nd1 Nc5 1/2-1/2

[Event "II Festival Scacchi Verdi A"]
[Site "Bresso ITA"]
[Date "2002.06.06"]
[Round "1"]
[White "Cazzaniga, Walter"]
[Black "Cardani, Roberto"]
[Result "1-0"]
[WhiteElo "2119"]
[BlackElo "1701"]
[PlyCount "92"]
[EventDate "2002.06.06"]

1. d4 Nf6 2. c4 g6 3. Nc3 Bg7 4. e4 d6 5. Nf3 O-O 6. Be2 e5 7. Be3 Nc6 8. d5
Ne7 9. Nd2 a5 10. c5 Ne8 11. Nc4 f5 12. f3 Rf7 13. Rc1 f4 14. Bf2 g5 15. h3 Ng6
16. cxd6 Nxd6 17. a4 h5 18. Nb5 Bf8 19. Qb3 Nxb5 20. axb5 Bb4+ 21. Kf1 Bd6 22.
b6 a4 23. Qc2 Bd7 24. bxc7 Qxc7 25. Bb6 Qb8 26. Qc3 Qf8 27. Nxd6 Qxd6 28. Bc7
Qf6 29. Ke1 Rc8 30. d6 Nf8 31. Bc4 Be6 32. Qb4 Bxc4 33. Rxc4 Ne6 34. Qxb7 Rff8
35. Ke2 Nxc7 36. dxc7 Qe6 37. Rhc1 g4 38. hxg4 hxg4 39. Rc6 Qb3 40. Rg6+ Kf7
41. Qc6 Qe3+ 42. Kf1 Qd3+ 43. Kg1 Qe3+ 44. Kh2 Rh8+ 45. Rh6 Rxh6+ 46. Qxh6
46... g3+ $139 1-0

[Event "II Festival Scacchi Verdi A"]
[Site "Bresso ITA"]
[Date "2002.06.06"]
[Round "1"]
[White "De Santis, Alessio"]
[Black "Rombaldoni, Denis"]
[Result "1-0"]
[WhiteElo "2274"]
[BlackElo "1798"]
[PlyCount "67"]
[EventDate "2002.06.06"]

1. d4 d5 2. c4 e6 3. Nc3 Be7 4. cxd5 exd5 5. Bf4 c6 6. e3 Nf6 7. Bd3 O-O 8.
Nge2 Bg4 9. f3 Bh5 10. g4 Bg6 11. h4 Re8 12. h5 Bxd3 13. Qxd3 h6 14. g5 hxg5
15. Bxg5 Nh7 16. Bxe7 Qxe7 17. Kf2 Qf6 18. Rag1 b5 19. Nf4 Nd7 20. h6 g5 21.
Nh3 Kh8 22. e4 Rg8 23. exd5 g4 24. dxc6 Nb6 25. Ne4 Qh4+ 26. Rg3 gxh3 27. Rhxh3
Qe7 28. Rg7 Rxg7 29. hxg7+ Kxg7 30. Ng3 Qe6 31. Qxh7+ Kf8 32. Nf5 Qg6 33. Qh8+
Qg8 34. Qe5 1-0

[Event "II Festival Scacchi Verdi A"]
[Site "Bresso ITA"]
[Date "2002.06.06"]
[Round "1"]
[White "Napoli, Ferdinando"]
[Black "Giretti Kanev, Jasen"]
[Result "0-1"]
[WhiteElo "1732"]
[BlackElo "2177"]
[PlyCount "44"]
[EventDate "2002.06.06"]

1. e4 g6 2. d4 Bg7 3. c4 d6 4. Nc3 Nd7 5. Nf3 c5 6. d5 a6 7. Qc2 Ngf6 8. h3 Rb8
9. Be3 Qa5 10. Bd2 O-O 11. Be2 Re8 12. O-O e6 13. Rfe1 Qb6 14. Rab1 exd5 15.
exd5 Ne5 16. Nxe5 dxe5 17. Bd3 Bd7 18. Be3 Qd6 19. Qd2 b5 20. b3 b4 21. Ne4
Nxe4 22. Bxe4 f5 0-1

[Event "II Festival Scacchi Verdi A"]
[Site "Bresso ITA"]
[Date "2002.06.06"]
[Round "1"]
[White "Rombaldoni, Axel"]
[Black "Barberi, Alessandro"]
[Result "0-1"]
[WhiteElo "1684"]
[BlackElo "2089"]
[PlyCount "62"]
[EventDate "2002.06.06"]

1. e4 c5 2. Nf3 d6 3. d4 cxd4 4. Nxd4 Nf6 5. Nc3 g6 6. Bc4 Bg7 7. Be3 O-O 8.
Qe2 Ng4 9. O-O-O Nxe3 10. Qxe3 Nc6 11. Nde2 Ne5 12. Bb3 Bd7 13. h3 Qc8 14. Nd5
Re8 15. Qg5 Kf8 16. h4 h5 17. f3 Qc5 18. Nef4 a5 19. c3 a4 20. Bc2 Rac8 21.
Rhf1 Bb5 22. Rfe1 e6 23. Nf6 a3 24. Nxe8 axb2+ 25. Kb1 Qxc3 26. Rd2 Bxe8 27.
Ne2 Qb4 28. Bb3 Bb5 29. Nd4 Nd3 30. Rxd3 Bxd3+ 31. Nc2 Qxe1+ 0-1

[Event "II Festival Scacchi Verdi A"]
[Site "Bresso ITA"]
[Date "2002.06.06"]
[Round "1"]
[White "Scalcione, Michelangelo"]
[Black "Berni, Fabrizio"]
[Result "1/2-1/2"]
[WhiteElo "2353"]
[BlackElo "2086"]
[PlyCount "137"]
[EventDate "2002.06.06"]

1. e4 e5 2. Nf3 d6 3. d4 exd4 4. Nxd4 Nf6 5. Nc3 Be7 6. Be2 O-O 7. O-O Re8 8.
f4 Bf8 9. Bf3 c5 10. Nb3 Nc6 11. Re1 Qc7 12. Kh1 Rb8 13. Be3 b5 14. a3 a6 15.
Bf2 b4 16. Nd5 Nxd5 17. exd5 Ne7 18. axb4 Rxb4 19. c3 Rb8 20. Ra2 Bd7 21. Nxc5
dxc5 22. d6 Qc8 23. dxe7 Rxe7 24. Rxe7 Bxe7 25. Qe2 Be6 26. Rxa6 Rxb2 27. Qxb2
Qxa6 28. Qb8+ Bf8 29. Bxc5 Qa1+ 30. Bg1 Qxc3 31. Qd8 Qc1 32. Qd4 h6 33. Qe3 Qf1
34. Qf2 Qc4 35. Qd4 Qc7 36. g3 Bh3 37. Qa7 Qc3 38. Qe3 Qa1 39. Bg2 Be6 40. Qd4
Qa2 41. Qf2 Qb1 42. Qb6 Bb4 43. Qd8+ Kh7 44. Qd4 g6 45. Qe3 h5 46. Be4 Qa2 47.
Qf2 Bd2 48. Qd4 h4 49. Qd3 Bc4 50. Qf3 f5 51. Bc6 h3 52. Ba8 Kh6 53. Bc6 Qc2
54. Qf2 Bd3 55. Bf3 Be4 56. Qf1 Kg7 57. Bd4+ Kg8 58. Kg1 Bd3 59. Qa1 Qb1+ 60.
Qxb1 Bxb1 61. Be2 g5 62. fxg5 Bxg5 63. Bf1 Be4 64. Bxh3 Kf7 65. Kf2 f4 66. Be5
fxg3+ 67. hxg3 Kg6 68. Bf4 Bxf4 69. gxf4 1/2-1/2

[Event "II Festival Scacchi Verdi A"]
[Site "Bresso ITA"]
[Date "2002.06.07"]
[Round "2"]
[White "Barberi, Alessandro"]
[Black "Bison, Beniamino"]
[Result "0-1"]
[WhiteElo "2089"]
[BlackElo "2167"]
[PlyCount "58"]
[EventDate "2002.06.06"]

1. d4 e6 2. c4 Nf6 3. Nf3 d5 4. e3 Be7 5. Bd3 dxc4 6. Bxc4 O-O 7. O-O a6 8. Qc2
Nbd7 9. Rd1 b5 10. Bd3 c5 11. dxc5 Bxc5 12. b4 Bxb4 13. Bxh7+ Nxh7 14. Qe4 Nc5
15. Qc2 Qe7 16. a3 Ba5 17. Bb2 Bb7 18. Rd4 Na4 19. Rh4 g6 20. Rxa4 bxa4 21.
Qxa4 Bxf3 22. Qxa5 Bb7 23. Qe5 f6 24. Qg3 Qg7 25. Nc3 Rfd8 26. Rb1 Rd2 27. Ba1
Rad8 28. h4 Nf8 29. h5 Ba8 0-1

[Event "II Festival Scacchi Verdi A"]
[Site "Bresso ITA"]
[Date "2002.06.07"]
[Round "2"]
[White "Bernasconi, Roberto"]
[Black "Napoli, Ferdinando"]
[Result "1/2-1/2"]
[WhiteElo "1720"]
[BlackElo "1732"]
[PlyCount "28"]
[EventDate "2002.06.06"]

1. e4 c5 2. Nf3 d6 3. d4 cxd4 4. Nxd4 Nf6 5. Nc3 e6 6. Bg5 Be7 7. f4 Nc6 8. Qd2
a6 9. O-O-O O-O 10. Be2 Nxd4 11. Qxd4 Qa5 12. Bf3 Rd8 13. Qa4 Qc7 14. Rd2 Bd7
1/2-1/2

[Event "II Festival Scacchi Verdi A"]
[Site "Bresso ITA"]
[Date "2002.06.07"]
[Round "2"]
[White "Berni, Fabrizio"]
[Black "Moreschi, Mauro"]
[Result "1/2-1/2"]
[WhiteElo "2086"]
[BlackElo "1714"]
[PlyCount "48"]
[EventDate "2002.06.06"]

1. e4 d6 2. d4 Nf6 3. Nc3 e5 4. dxe5 dxe5 5. Qxd8+ Kxd8 6. Bg5 Be6 7. O-O-O+
Bd6 8. Nf3 Ke7 9. Nd2 h6 10. Bxf6+ Kxf6 11. Bc4 c6 12. Bxe6 Kxe6 13. Nc4 Bc7
14. Rd2 Na6 15. Rhd1 Rhd8 16. a3 Rxd2 17. Rxd2 Rd8 18. f3 Rxd2 19. Kxd2 b5 20.
Ne3 g6 21. Ng4 h5 22. Nf2 Bb6 23. Nd3 Kd6 24. Ne2 Nc5 1/2-1/2

[Event "II Festival Scacchi Verdi A"]
[Site "Bresso ITA"]
[Date "2002.06.07"]
[Round "2"]
[White "Cardani, Roberto"]
[Black "Bisignano, Giuseppe"]
[Result "1-0"]
[WhiteElo "1701"]
[BlackElo "2064"]
[PlyCount "49"]
[EventDate "2002.06.06"]

1. e4 e5 2. Nf3 Nc6 3. Bb5 a6 4. Ba4 d6 5. Bxc6+ bxc6 6. d4 f5 7. Nc3 fxe4 8.
Nxe4 d5 9. Nxe5 dxe4 10. Qh5+ g6 11. Nxg6 Nf6 12. Qe5+ Kf7 13. Nxh8+ Kg8 14.
Bg5 Bg7 15. f3 exf3 16. O-O Bg4 17. h3 Rb8 18. hxg4 Rb5 19. Qe6+ Kxh8 20. Bxf6
Bxf6 21. c3 Bxd4+ 22. cxd4 Qxd4+ 23. Rf2 Re5 24. Qf6+ Kg8 25. Qxf3 1-0

[Event "II Festival Scacchi Verdi A"]
[Site "Bresso ITA"]
[Date "2002.06.07"]
[Round "2"]
[White "Dragojlovic, Andjelko"]
[Black "Cazzaniga, Walter"]
[Result "1-0"]
[WhiteElo "2338"]
[BlackElo "2119"]
[PlyCount "137"]
[EventDate "2002.06.06"]

1. e4 e6 2. Qe2 c5 3. Nf3 Nc6 4. g3 g6 5. Bg2 Bg7 6. h4 h5 7. O-O Nge7 8. c3 d6
9. Rd1 e5 10. Na3 Bg4 11. Nc2 Qc7 12. Ne3 Bd7 13. d4 exd4 14. Nd5 Nxd5 15.
exd5+ Ne5 16. cxd4 cxd4 17. Nxe5 dxe5 18. Rxd4 O-O 19. d6 Qb6 20. Rd5 Bg4 21.
Qb5 Qxb5 22. Rxb5 Rfd8 23. Rxb7 Rxd6 24. Be3 a6 25. Rxf7 Kxf7 26. Bxa8 e4 27.
Bxe4 Bxb2 28. Rb1 Rd1+ 29. Rxd1 Bxd1 30. Kf1 Bc3 31. f3 Kf6 32. Kf2 a5 33. Bd3
Be5 34. Bb6 Bc3 35. Ke3 Be1 36. Bc7 Bc3 37. Be4 a4 38. Bb6 Be1 39. Bc7 Bb4 40.
Kd4 Be2 41. Be5+ Ke6 42. Bd5+ Ke7 43. Ke3 Bb5 44. Kd4 Kf8 45. Bb8 Ke7 46. Bf4
Kf6 47. Ke4 Bc3 48. a3 Bb2 49. Bd6 Bc3 50. f4 Be1 51. Be5+ Ke7 52. f5 gxf5+ 53.
Kxf5 Bd7+ 54. Kg5 Bg4 55. Be4 Ke6 56. Bf4 Bc3 57. Bc2 Bb2 58. Bxa4 Bxa3 59.
Bb3+ Ke7 60. Bc2 Ke6 61. Bb3+ Ke7 62. Kg6 Bb2 63. Bd5 Be2 64. Be4 Bd4 65. Kh6
Kf7 66. Bd6 Ke6 67. Bf4 Bc5 68. Bc2 Ba7 69. Kg6 {...} 1-0

[Event "II Festival Scacchi Verdi A"]
[Site "Bresso ITA"]
[Date "2002.06.07"]
[Round "2"]
[White "Giretti Kanev, Jasen"]
[Black "De Santis, Alessio"]
[Result "0-1"]
[WhiteElo "2177"]
[BlackElo "2274"]
[PlyCount "60"]
[EventDate "2002.06.06"]

1. e4 c5 2. Nf3 e6 3. d3 g6 4. d4 Bg7 5. dxc5 Qa5+ 6. Nbd2 Nf6 7. Bd3 Nc6 8.
O-O Qxc5 9. Nc4 b5 10. Be3 Qe7 11. Na3 a6 12. c4 b4 13. Nc2 Ng4 14. Bd2 a5 15.
Rb1 Bb7 16. Ne3 h5 17. h3 Qd6 18. Bc2 f5 19. exf5 Nd4 20. hxg4 hxg4 21. Nxg4
Bxf3 22. gxf3 gxf5 23. f4 fxg4 24. Bg6+ Ke7 25. Qxg4 Bf6 26. Rfe1 Rag8 27. c5
Qd5 28. Re4 Rxg6 29. Qxg6 Nf3+ 30. Kg2 Nh4+ 0-1

[Event "II Festival Scacchi Verdi A"]
[Site "Bresso ITA"]
[Date "2002.06.07"]
[Round "2"]
[White "Rombaldoni, Denis"]
[Black "Rombaldoni, Axel"]
[Result "1-0"]
[WhiteElo "1798"]
[BlackElo "1684"]
[PlyCount "69"]
[EventDate "2002.06.06"]

1. d4 d5 2. Nf3 e6 3. Bg5 Be7 4. Bxe7 Qxe7 5. Nbd2 f5 6. c3 Nf6 7. e3 Bd7 8.
Ne5 O-O 9. h4 Ne4 10. Rh3 c5 11. f3 Nxd2 12. Qxd2 Be8 13. f4 c4 14. Be2 Nc6 15.
Nxc6 bxc6 16. b3 cxb3 17. axb3 Rb8 18. b4 h5 19. Ra5 g6 20. g3 Rb7 21. Kf2 Bf7
22. Qa2 Ra8 23. Rh1 Kf8 24. Ra1 Be8 25. Ra6 Kg8 26. Qa3 Kf8 27. Ke1 Kg8 28. b5
Qxa3 29. R1xa3 cxb5 30. Rxe6 a5 31. Bf3 b4 32. cxb4 Rb5 33. Rxa5 Rbxa5 34. bxa5
Bf7 35. Bxd5 1-0